Vista normal
Vista MARC
Entrada Topical Term
Número de registros utilizados en: 1
001 - CONTROL NUMBER
- control field: 36772
003 - CONTROL NUMBER IDENTIFIER
- control field: OSt
005 - DATE AND TIME OF LATEST TRANSACTION
- control field: 20210413135254.0
008 - FIXED-LENGTH DATA ELEMENTS
- fixed length control field: 210413|| aca||aabn | a|a d
040 ## - CATALOGING SOURCE
- Original cataloging agency: OSt
- Transcribing agency: OSt
150 ## - HEADING--TOPICAL TERM
- Topical term or geographic name entry element: Industria de la construcción
- General subdivision: Control de calidad
670 ## - SOURCE DATA FOUND
- Source citation: Work cat.: (OSt)11473: Viola, Enrique, autor 25619, La calidad de una obra / , 2011.